सूखी रेत के घरौंदे / (Record no. 115103)
[ view plain ]
| 000 -LEADER | |
|---|---|
| fixed length control field | 01100nam a22002777a 4500 |
| 003 - CONTROL NUMBER IDENTIFIER | |
| control field | dpl |
| 005 - DATE AND TIME OF LATEST TRANSACTION | |
| control field | 20180919170315.0 |
| 008 - FIXED-LENGTH DATA ELEMENTS--GENERAL INFORMATION | |
| fixed length control field | 180911b xxu||||| |||| 00| 0 eng d |
| 010 ## - LIBRARY OF CONGRESS CONTROL NUMBER | |
| LC control number | B-067238 |
| 020 ## - INTERNATIONAL STANDARD BOOK NUMBER | |
| Terms of availability | 150.00 |
| 035 ## - SYSTEM CONTROL NUMBER | |
| System control number | B-067238, B-067242, B-067239 |
| 037 ## - SOURCE OF ACQUISITION | |
| Source of stock number/acquisition | Cen Lib/Ret |
| 040 ## - CATALOGING SOURCE | |
| Original cataloging agency | DPL |
| Language of cataloging | HN |
| Transcribing agency | 0 |
| 082 ## - DEWEY DECIMAL CLASSIFICATION NUMBER | |
| Classification number | उ |
| Item number | मानज्ञा |
| 100 ## - MAIN ENTRY--PERSONAL NAME | |
| Personal name | मान, ज्ञान सिंह |
| 9 (RLIN) | 5807 |
| 245 ## - TITLE STATEMENT | |
| Title | सूखी रेत के घरौंदे / |
| Statement of responsibility, etc | ज्ञान सिंह मान |
| 246 ## - VARYING FORM OF TITLE | |
| Title proper/short title | Sookhi ret ke gharaunde / |
| Remainder of title | by Gyan Singh Maan |
| 260 ## - PUBLICATION, DISTRIBUTION, ETC. (IMPRINT) | |
| Place of publication, distribution, etc | दिल्ली |
| Name of publisher, distributor, etc | प्रेम प्रकाशन मंदिर |
| Date of publication, distribution, etc | 2002 |
| 270 ## - ADDRESS | |
| Address | 3012, बल्लीमारान |
| City | दिल्ली |
| Postal code | 110006 |
| 300 ## - PHYSICAL DESCRIPTION | |
| Extent | 134पृ. |
| Dimensions | 20सेमी (सजिल्द) |
| 650 ## - SUBJECT ADDED ENTRY--TOPICAL TERM | |
| Topical term or geographic name as entry element | हिन्दी -- साहित्य |
| 9 (RLIN) | 59902 |
| 650 ## - SUBJECT ADDED ENTRY--TOPICAL TERM | |
| Topical term or geographic name as entry element | हिन्दी -- उपन्यास |
| 9 (RLIN) | 59903 |
| 650 ## - SUBJECT ADDED ENTRY--TOPICAL TERM | |
| Topical term or geographic name as entry element | Hindi -- Literature |
| 9 (RLIN) | 59904 |
| 650 ## - SUBJECT ADDED ENTRY--TOPICAL TERM | |
| Topical term or geographic name as entry element | Hindi -- Fiction |
| 9 (RLIN) | 27248 |
| 942 ## - ADDED ENTRY ELEMENTS (KOHA) | |
| Source of classification or shelving scheme | Dewey Decimal Classification |
| Koha item type | Hindi Books |
| Classification part | उ |
| Call number suffix | मानज्ञा |
| Withdrawn status | Lost status | Damaged status | Not for loan | Home library | Current library | Date acquired | Source of acquisition | Cost, normal purchase price | Total Checkouts | Total Renewals | Full call number | Barcode | Date last seen | Date checked out | Copy number | Cost, replacement price | Price effective from | Koha item type | Source of classification or shelving scheme | Collection code |
|---|---|---|---|---|---|---|---|---|---|---|---|---|---|---|---|---|---|---|---|---|
| Central Library | Central Library | 19/08/2015 | Cen Lib/Ret | 150.00 | 2 | 2 | उ मानज्ञा | B-067238 | 10/08/2019 | 03/07/2019 | 1 | 150.00 | 19/08/2015 | Hindi Books | ||||||
| Patel Nagar | Patel Nagar | 19/09/2018 | BPPD/PUB | 150.00 | 1 | उ मानज्ञा | B-067239 | 05/02/2022 | 21/01/2022 | 1 | 150.00 | 19/09/2018 | Hindi Books | Dewey Decimal Classification | ||||||
| Shahdara Branch | Shahdara Branch | 11/09/2018 | BPPD/PUB | 150.00 | उ मानज्ञा | B-067242 | 11/09/2018 | 150.00 | 11/09/2018 | Hindi Books | Dewey Decimal Classification | Fiction |
